00537nam a2200181Ia 4500008004100000020001500041082001800056100002200074245004500096250000800141260002500149300001200174500002400186650001600210942000700226952010700233999001500340230524s9999 xx 000 0 und d a8120327438 a621.3812bTSU aJame B.Tsui95911 0aDigital Technique for Wideband Receivers a2ND aNEW DELHIbPHIc2005 aXVI;588 aQuantity Number: 1 aElectronics cBK 00104070aTATCLbTATCLcGENd2023-05-24l0o621.3812 TSUp1475r2023-05-24w2023-05-24yBKzCPEC5202 c8529d8529